City Trivia - Omaha - Statistics

General Stats
  • This quiz has been taken 162 times
  • The average score is 11 of 15
Answer Stats
Question Answer % Correct
Which of the following universities are located in Omaha? Creighton University
100%
What river runs along the eastern border of the city? Missouri
100%
What is the name of Omaha's airport? Eppley
97%
Which U.S.President was born in Omaha? Gerald Ford
97%
Which of the following events is held every year in Omaha? The college baseball World Series
95%
Which of the following railroads is headquartered in Omaha? Union Pacific
95%
What is the name of the primary east-west roadway serving Omaha? Dodge
92%
What former warehouse district is now known for restaurants, shops and nightlife? The Old Market
92%
What is Woodman Tower? A skyscraper
84%
Omaha is a Native American term referring to what? A tribe
65%
Which of the following companies are not based in Omaha? Brach's Candy
51%
Which of the following people were not born in Omaha? George Burns
51%
Which of the following accurately describes being in the city of Omaha? It has many hills
46%
Which of the following was not invented in Omaha? The vending machine
38%
Which of the following accurately depicts the population within a 50 mile radius of downtown Omaha? (2017 estimate) 1,300,000 - 1,350,000 people
0%
No matching quizzes found
Score Distribution
Percent of People with Each Score
Percentile by Number Answered
Your Score History
You have not taken this quiz